{"text_format":"3","workbook":"xlsx","n_sheets":1,"sheets":["t569"],"read":"whole","date_system":"1900"}

{"sheet":"t569","index":0,"n_rows":148,"n_cols":7,"rows_kept":148,"merged":[[0,0,0,6],[30,0,30,5],[41,0,41,5],[130,0,130,5]]}
["TABELA 569.1 - Estatísticas Agrícolas, Município de Serrana, Estado de São Paulo, 2007/08."]
["ITEM","UNIDADE","N.DE UPAs","MÍNIMO","MÉDIO","MÁXIMO","TOTAL"]
["Distância à sede do município","km",65,{"v":1,"d":"1.0"},{"v":5.16,"d":"5.2"},{"v":20,"d":"20.0"},"-"]
["Área total","hectare",65,{"v":2,"d":"2.0"},{"v":142.17,"d":"142.2"},{"v":2226.3,"d":"2,226.3"},{"v":9241.1,"d":"9,241.1"}]
["Área com cultura perene","hectare",2,{"v":9,"d":"9.0"},{"v":9.15,"d":"9.2"},9.3,18.3]
["Área com cultura temporária","hectare",62,{"v":1,"d":"1.0"},{"v":119.72,"d":"119.7"},{"v":1733.3,"d":"1,733.3"},{"v":7422.6,"d":"7,422.6"}]
["Área com pastagem","hectare",22,{"v":1,"d":"1.0"},{"v":17.86,"d":"17.9"},81.2,392.9]
["Área com reflorestamento","hectare",5,0.6,{"v":10.42,"d":"10.4"},24.1,52.1]
["Área com vegetação natural","hectare",26,0.1,{"v":25.53,"d":"25.5"},182.6,663.7]
["Área com vegetação de brejo e várzea","hectare",4,{"v":7,"d":"7.0"},{"v":14.25,"d":"14.3"},33.2,{"v":57,"d":"57.0"}]
["Área em descanso","hectare","-","-","-","-",{"v":0,"d":"0.0"}]
["Área complementar","hectare",45,0.1,14.1,375.1,634.5]
["Área das UPAs com (0, 1] ha","hectare","-","-","-","-","-"]
["Área das UPAs com (1, 2] ha","hectare",1,{"v":2,"d":"2.0"},{"v":2,"d":"2.0"},{"v":2,"d":"2.0"},{"v":2,"d":"2.0"}]
["Área das UPAs com (2, 5] ha","hectare",5,2.4,{"v":3.74,"d":"3.7"},{"v":5,"d":"5.0"},18.7]
["Área das UPAs com (5, 10] ha","hectare",5,6.2,{"v":7.44,"d":"7.4"},9.6,37.2]
["Área das UPAs com (10, 20] ha","hectare",16,10.2,{"v":16,"d":"16.0"},19.3,{"v":256,"d":"256.0"}]
["Área das UPAs com (20, 50] ha","hectare",11,24.2,{"v":34.36,"d":"34.4"},{"v":50,"d":"50.0"},{"v":378,"d":"378.0"}]
["Área das UPAs com (50, 100] ha","hectare",12,52.2,{"v":72.13,"d":"72.1"},{"v":100,"d":"100.0"},865.5]
["Área das UPAs com (100, 200] ha","hectare",3,115.6,{"v":147.53,"d":"147.5"},{"v":200,"d":"200.0"},442.6]
["Área das UPAs com (200, 500] ha","hectare",8,208.5,{"v":289.39,"d":"289.4"},396.6,{"v":2315.1,"d":"2,315.1"}]
["Área das UPAs com (500, 1.000] ha","hectare",2,654.7,{"v":784,"d":"784.0"},913.3,{"v":1568,"d":"1,568.0"}]
["Área das UPAs com (1.000, 2.000] ha","hectare",1,{"v":1131.7,"d":"1,131.7"},{"v":1131.7,"d":"1,131.7"},{"v":1131.7,"d":"1,131.7"},{"v":1131.7,"d":"1,131.7"}]
["Área das UPAs com (2.000, 5.000] ha","hectare",1,{"v":2226.3,"d":"2,226.3"},{"v":2226.3,"d":"2,226.3"},{"v":2226.3,"d":"2,226.3"},{"v":2226.3,"d":"2,226.3"}]
["Área das UPAs com (5.000, 10.000] ha","hectare","-","-","-","-","-"]
["Área das UPAs acima de 10.000 ha","hectare","-","-","-","-","-"]
["Familiares do proprietário que trabalham na UPA","unidade",63,{"v":1,"d":"1.0"},2.1,{"v":8,"d":"8.0"},{"v":132,"d":"132.0"}]
["Trabalhadores permanentes","unidade",21,{"v":1,"d":"1.0"},{"v":76.95,"d":"77.0"},{"v":1540,"d":"1,540.0"},{"v":1616,"d":"1,616.0"}]
["Fonte: Secretaria de Agricultura e Abastecimento, CDRS/IEA, Projeto LUPA."]
[]
["TABELA 569.2 - Explorações Animais, Município de Serrana, Estado de São Paulo, 2007/08."]
["ITEM","UNIDADE","N.DE UPAs","MÍNIMO","MÉDIO","MÁXIMO","TOTAL"]
["Bovinocultura de Corte","cabeças",10,{"v":3,"d":"3.0"},53.9,{"v":324,"d":"324.0"},{"v":539,"d":"539.0"}]
["Bovinocultura Leiteira","cabeças",6,{"v":5,"d":"5.0"},9.5,{"v":18,"d":"18.0"},{"v":57,"d":"57.0"}]
["Bovinocultura Mista","cabeças",6,{"v":5,"d":"5.0"},{"v":34,"d":"34.0"},{"v":80,"d":"80.0"},{"v":204,"d":"204.0"}]
["Caprinocultura","cabeças",1,{"v":2,"d":"2.0"},{"v":2,"d":"2.0"},{"v":2,"d":"2.0"},{"v":2,"d":"2.0"}]
["Equinocultura","cabeças",10,{"v":1,"d":"1.0"},3.3,{"v":8,"d":"8.0"},{"v":33,"d":"33.0"}]
["Ovinocultura","cabeças",2,{"v":15,"d":"15.0"},{"v":20,"d":"20.0"},{"v":25,"d":"25.0"},{"v":40,"d":"40.0"}]
["Suinocultura","cabeças",2,{"v":8,"d":"8.0"},{"v":14,"d":"14.0"},{"v":20,"d":"20.0"},{"v":28,"d":"28.0"}]
["Fonte: Secretaria de Agricultura e Abastecimento, CDRS/IEA, Projeto LUPA."]
[]
["TABELA 569.3 -  Máquinas, Implementos e Benfeitorias, Município de Serrana, Estado de São Paulo, 2007/08."]
["ITEM","UNIDADE","N.DE UPAs","MÍNIMO","MÉDIO","MÁXIMO","TOTAL"]
["Arado Comum (Bacia, Aiveca)","Unidade",4,{"v":1,"d":"1.0"},3.5,{"v":6,"d":"6.0"},{"v":14,"d":"14.0"}]
["Arado Escarificador","Unidade",11,{"v":1,"d":"1.0"},{"v":7.09,"d":"7.1"},{"v":63,"d":"63.0"},{"v":78,"d":"78.0"}]
["Arado Subsolador","Unidade",3,{"v":1,"d":"1.0"},{"v":5.67,"d":"5.7"},{"v":13,"d":"13.0"},{"v":17,"d":"17.0"}]
["Carregadeira de Cana","Unidade",6,{"v":1,"d":"1.0"},{"v":6,"d":"6.0"},{"v":25,"d":"25.0"},{"v":36,"d":"36.0"}]
["Colhedeira Automotriz","Unidade",2,{"v":2,"d":"2.0"},{"v":16,"d":"16.0"},{"v":30,"d":"30.0"},{"v":32,"d":"32.0"}]
["Conj.Irrigação Autopropelido","Unidade",1,{"v":20,"d":"20.0"},{"v":20,"d":"20.0"},{"v":20,"d":"20.0"},{"v":20,"d":"20.0"}]
["Conj.Irrigação Pivot Central","Unidade",1,{"v":1,"d":"1.0"},{"v":1,"d":"1.0"},{"v":1,"d":"1.0"},{"v":1,"d":"1.0"}]
["Conj.Irrigação/Gotejamento/Microaspersão","Unidade",1,{"v":1,"d":"1.0"},{"v":1,"d":"1.0"},{"v":1,"d":"1.0"},{"v":1,"d":"1.0"}]
["Conjunto de Fenação","Unidade",1,{"v":1,"d":"1.0"},{"v":1,"d":"1.0"},{"v":1,"d":"1.0"},{"v":1,"d":"1.0"}]
["Desintegrador, Picador, Triturador","Unidade",10,{"v":1,"d":"1.0"},{"v":1,"d":"1.0"},{"v":1,"d":"1.0"},{"v":10,"d":"10.0"}]
["Ensiladeira","Unidade",4,{"v":1,"d":"1.0"},{"v":1,"d":"1.0"},{"v":1,"d":"1.0"},{"v":4,"d":"4.0"}]
["Grade Aradora (Tipo Romi)","Unidade",6,{"v":1,"d":"1.0"},{"v":1.83,"d":"1.8"},{"v":4,"d":"4.0"},{"v":11,"d":"11.0"}]
["Grade Niveladora","Unidade",12,{"v":1,"d":"1.0"},{"v":1.75,"d":"1.8"},{"v":6,"d":"6.0"},{"v":21,"d":"21.0"}]
["Implementos para Tração Animal","Unidade",1,{"v":1,"d":"1.0"},{"v":1,"d":"1.0"},{"v":1,"d":"1.0"},{"v":1,"d":"1.0"}]
["Pulverizador Tratorizado","Unidade",5,{"v":1,"d":"1.0"},{"v":25,"d":"25.0"},{"v":120,"d":"120.0"},{"v":125,"d":"125.0"}]
["Semeadeira/Adubadeira para Plantio Convencional","Unidade",3,{"v":1,"d":"1.0"},{"v":3.67,"d":"3.7"},{"v":9,"d":"9.0"},{"v":11,"d":"11.0"}]
["Terraceador","Unidade",1,{"v":1,"d":"1.0"},{"v":1,"d":"1.0"},{"v":1,"d":"1.0"},{"v":1,"d":"1.0"}]
["Trator de Esteiras","Unidade",2,{"v":1,"d":"1.0"},{"v":6,"d":"6.0"},{"v":11,"d":"11.0"},{"v":12,"d":"12.0"}]
["Trator de Pneus","Unidade",20,{"v":1,"d":"1.0"},{"v":8.05,"d":"8.1"},{"v":123,"d":"123.0"},{"v":161,"d":"161.0"}]
["Açude/Represa","Unidade",3,{"v":1,"d":"1.0"},{"v":1.67,"d":"1.7"},{"v":2,"d":"2.0"},{"v":5,"d":"5.0"}]
["Almoxarifado/Oficina","Unidade",4,{"v":1,"d":"1.0"},{"v":1,"d":"1.0"},{"v":1,"d":"1.0"},{"v":4,"d":"4.0"}]
["Armazém para Grãos Ensacados","Sacas",1,{"v":2000,"d":"2,000.0"},{"v":2000,"d":"2,000.0"},{"v":2000,"d":"2,000.0"},{"v":2000,"d":"2,000.0"}]
["Balança para Bovinos","Unidade",1,{"v":3,"d":"3.0"},{"v":3,"d":"3.0"},{"v":3,"d":"3.0"},{"v":3,"d":"3.0"}]
["Balança para Veículos","Unidade",1,{"v":1,"d":"1.0"},{"v":1,"d":"1.0"},{"v":1,"d":"1.0"},{"v":1,"d":"1.0"}]
["Barracão/Galpão/Garagem","Unidade",13,{"v":1,"d":"1.0"},{"v":1.23,"d":"1.2"},{"v":4,"d":"4.0"},{"v":16,"d":"16.0"}]
["Casa de Moradia Habitada","Unidade",32,{"v":1,"d":"1.0"},{"v":3.91,"d":"3.9"},{"v":54,"d":"54.0"},{"v":125,"d":"125.0"}]
["Casa de Moradia Total","Unidade",36,{"v":1,"d":"1.0"},{"v":4.36,"d":"4.4"},{"v":54,"d":"54.0"},{"v":157,"d":"157.0"}]
["Curral/Mangueira","Unidade",15,{"v":1,"d":"1.0"},{"v":1,"d":"1.0"},{"v":1,"d":"1.0"},{"v":15,"d":"15.0"}]
["Depósito/Tulha","Unidade",14,{"v":1,"d":"1.0"},{"v":1,"d":"1.0"},{"v":1,"d":"1.0"},{"v":14,"d":"14.0"}]
["Estábulo","Unidade",2,{"v":1,"d":"1.0"},1.5,{"v":2,"d":"2.0"},{"v":3,"d":"3.0"}]
["Instalações para Equinos","Unidade",2,{"v":6,"d":"6.0"},7.5,{"v":9,"d":"9.0"},{"v":15,"d":"15.0"}]
["Olaria","Unidade",1,{"v":1,"d":"1.0"},{"v":1,"d":"1.0"},{"v":1,"d":"1.0"},{"v":1,"d":"1.0"}]
["Pocilga","Unidade",2,{"v":1,"d":"1.0"},{"v":1,"d":"1.0"},{"v":1,"d":"1.0"},{"v":2,"d":"2.0"}]
["Secador de Grãos","Unidade",1,{"v":1,"d":"1.0"},{"v":1,"d":"1.0"},{"v":1,"d":"1.0"},{"v":1,"d":"1.0"}]
["Silo para Grãos","t",3,{"v":1,"d":"1.0"},{"v":1867,"d":"1,867.0"},{"v":3600,"d":"3,600.0"},{"v":5601,"d":"5,601.0"}]
["Terreiro","m²",2,{"v":1000,"d":"1,000.0"},{"v":1250,"d":"1,250.0"},{"v":1500,"d":"1,500.0"},{"v":2500,"d":"2,500.0"}]
["Fonte: Secretaria de Agricultura e Abastecimento, CDRS/IEA, Projeto LUPA."]
[]
["TABELA 569.4 - Outras Estatísticas Agrícolas, Município de Serrana, Estado de São Paulo, 2007/08."]
["ITEM","Número de UPAs",null,"Percentual"]
["Faz Parte de Associação de Produtores",29,null,{"v":44.61538461538461,"d":"44.6"}]
["Faz Parte de Cooperativa de Produtores",42,null,{"v":64.61538461538461,"d":"64.6"}]
["Faz Parte do Sindicato de Produtores",9,null,{"v":13.846153846153847,"d":"13.8"}]
["Não utiliza assistência técnica ",12,null,{"v":18.46153846153846,"d":"18.5"}]
["Utiliza somente assistência técnica governamental ",0,null,{"v":0,"d":"0.0"}]
["Utiliza somente assistência técnica privada ",52,null,{"v":80,"d":"80.0"}]
["Utiliza assistência técnica tanto governamental quanto privada",1,null,{"v":1.5384615384615383,"d":"1.5"}]
["Utiliza Crédito Rural",5,null,{"v":7.6923076923076925,"d":"7.7"}]
["Utiliza Seguro Rural",1,null,{"v":1.5384615384615383,"d":"1.5"}]
["Utiliza Escrituração Agrícola",46,null,{"v":70.76923076923076,"d":"70.8"}]
["Acessa Internet p/ Fins na Agropecuária",11,null,{"v":16.923076923076923,"d":"16.9"}]
["Utiliza Computador nas Atividades Agropecuárias",15,null,{"v":23.076923076923077,"d":"23.1"}]
["Utiliza Energia Elétrica Para Uso na Atividade Agrícola",38,null,{"v":58.46153846153846,"d":"58.5"}]
["Realiza Análise de Solo, quando necessário",62,null,{"v":95.38461538461537,"d":"95.4"}]
["Utiliza Práticas de Conservação de Solo, quando necessário",61,null,{"v":93.84615384615384,"d":"93.8"}]
["Faz Adubação Mineral, quando necessário",60,null,{"v":92.3076923076923,"d":"92.3"}]
["Faz Adubação Orgânica, quando necessário",9,null,{"v":13.846153846153847,"d":"13.8"}]
["Faz Adubação Verde, quando necessário",2,null,{"v":3.0769230769230766,"d":"3.1"}]
["Utiliza Manejo Integrado de Pragas (MIP)","-",null,"-"]
["Utiliza Hidroponia",1,null,{"v":1.5384615384615383,"d":"1.5"}]
["Utiliza Plasticultura",1,null,{"v":1.5384615384615383,"d":"1.5"}]
["Utiliza Mudas Fiscalizadas",33,null,{"v":50.769230769230774,"d":"50.8"}]
["Utiliza Semente Melhorada",22,null,{"v":33.84615384615385,"d":"33.8"}]
["Faz Confinamento de Bovinos",4,null,{"v":6.153846153846153,"d":"6.2"}]
["Utiliza Pastejo Intensivo","-",null,"-"]
["Faz Inseminação Artificial","-",null,"-"]
["Faz Mineralização do Rebanho",20,null,{"v":30.769230769230766,"d":"30.8"}]
["Faz Vermifugação do Rebanho",20,null,{"v":30.769230769230766,"d":"30.8"}]
["Possui Parceiros /Arrendatários na Exploração Animal",3,null,{"v":4.615384615384616,"d":"4.6"}]
["Esporte e lazer","-",null,"-"]
["Extração mineral","-",null,"-"]
["Hotel Fazenda, Pousada ou SPA","-",null,"-"]
["Pesque-pague","-",null,"-"]
["Restaurante ou Lanchonete","-",null,"-"]
["Transformação artesanal","-",null,"-"]
["Turismo rural ou ecoturismo","-",null,"-"]
["Outras atividades econômicas rurais","-",null,"-"]
["Agroindústria",1,null,{"v":1.5384615384615383,"d":"1.5"}]
["Proprietário sem instrução ou com instrução incompleta","-",null,"-"]
["Proprietário com antigo primário completo",21,null,{"v":32.30769230769231,"d":"32.3"}]
["Proprietário com 1° grau (ou antigo ginasial) completo",2,null,{"v":3.0769230769230766,"d":"3.1"}]
["Proprietário com 2° grau (ou antigo colegial) completo",9,null,{"v":13.846153846153847,"d":"13.8"}]
["Proprietário com curso superior completo ",24,null,{"v":36.92307692307693,"d":"36.9"}]
["Pessoa Jurídica",9,null,{"v":13.846153846153847,"d":"13.8"}]
["Proprietário residente na própria UPA ",6,null,{"v":9.230769230769232,"d":"9.2"}]
["Fonte: Secretaria de Agricultura e Abastecimento, CDRS/IEA, Projeto LUPA."]
[]
["TABELA 569.5 - Área Cultivada, Município de Serrana, Estado de São Paulo, 2007/08."]
["CULTURA","N.DE UPAs","MÍNIMO","MÉDIO","MÁXIMO","TOTAL"]
["Cana-de-acucar",58,{"v":1,"d":"1.0"},{"v":124.01,"d":"124.0"},{"v":1730.3,"d":"1,730.3"},{"v":7192.6,"d":"7,192.6"}]
["Braquiaria",16,{"v":1,"d":"1.0"},{"v":13.19,"d":"13.2"},51.8,{"v":211,"d":"211.0"}]
["Soja",3,{"v":37,"d":"37.0"},{"v":48.13,"d":"48.1"},{"v":55,"d":"55.0"},144.4]
["Coloniao",3,{"v":2,"d":"2.0"},{"v":30.57,"d":"30.6"},{"v":54,"d":"54.0"},91.7]
["Outras gramineas para pastagem",3,{"v":3,"d":"3.0"},{"v":30.07,"d":"30.1"},81.2,90.2]
["Milho",5,{"v":1,"d":"1.0"},{"v":14.78,"d":"14.8"},63.2,73.9]
["Eucalipto",5,0.6,{"v":9.22,"d":"9.2"},18.1,46.1]
["Cafe",2,8.6,8.8,{"v":9,"d":"9.0"},17.6]
["Pinus",1,{"v":6,"d":"6.0"},{"v":6,"d":"6.0"},{"v":6,"d":"6.0"},{"v":6,"d":"6.0"}]
["Jilo",2,{"v":1,"d":"1.0"},{"v":1.55,"d":"1.6"},2.1,3.1]
["Palmito",1,{"v":3,"d":"3.0"},{"v":3,"d":"3.0"},{"v":3,"d":"3.0"},{"v":3,"d":"3.0"}]
["Alface",2,{"v":1,"d":"1.0"},1.5,{"v":2,"d":"2.0"},{"v":3,"d":"3.0"}]
["Couve (ou couve-crespa)",1,2.1,2.1,2.1,2.1]
["Laranja-azeda",1,0.7,0.7,0.7,0.7]
["Couve-flor",1,0.5,0.5,0.5,0.5]
["Fonte: Secretaria de Agricultura e Abastecimento, CDRS/IEA, Projeto LUPA."]